00513nam a22001457a 450000500170000000800410001704100080005808200130006610000300007924501150010926000510022430000210027536500240029650000470032020230601134920.0230601b |||||||| |||| 00| 0 eng d aeng a712bTAR aTarate Mayuri DNyaneshwar aRestoring Our Hills : Restoring Our Life: Planning Policies And For Re Establishing The Hill Ecosystem Of Pune aPunebBNCA M Arch Landscape Architecturec2023 a52pbHbc31 x 22 aINRb150.00cRupaye aBNCA M Arch Landscape Architecture Thesis